000 00897nas a2200277 4500
001 BR0300571
003 BR-BrBNA
005 20231205103541.0
007 ta
008 230509b bl.|||p| |||| 00| 00por d
040 _aBR-BrBNA
_bpor
_cBiblioteca Nacional de Agricultura
041 _a(Pt)
072 _aH10
100 1 _aSilva, G.A.
100 1 _aCarvalho, C.F.
100 1 _aSouza, B.
245 1 _aAspectos biológicos de Chrysoperla externa (Hagen, 1861)(Neuroptera: Chrysopidae)alimentada com lagartas de Alabama argillacea (Hubner, 1818)(Lepidoptera: Noctuidae)
650 _aALGODÃO
650 _aLAGARTA
650 _aCURUQUERÊ
650 _aBIOLOGIA
650 _aCONTROLE BIOLÓGICO
773 0 _tCiência e Agrotecnologia (Brazil)
_xISSN 1413-7054
_g(Jul-Aug 2002), v. 26(4) p. 682-698
_wBR0300571
909 _a202311
_bLúcia
_c55
_dLúcia Elande
942 _2AGRIS
_n0
_cANA
999 _c173461
_d173461